Quiz qui colle : glu (8 mots dans mots) - Statistiques

Statistiques générales
  • Ce quiz a été pris 50 fois
  • Le résultat moyen est 6 sur 8
Answers on the Grid
Answers color-coded by a green-red scale on the quiz's grid according to % correct below.
Ag---tiner
Indéré---ble
Glau---ateux
Re---re
Ensang---ter
---ten
Inter---ciaire
Con---tiner
Glapiss---nt
---cide
Glan---iller
Dé---tition
Glav---er
---cose
Ver---cer
Desen---er
 
Statistiques - réponses
Réponse % Correct
Ag---tiner
93%
Dé---tition
80%
---cose
78%
---cide
76%
---ten
71%
Con---tiner
60%
Desen---er
60%
Re---re
33%
Aucun quiz correspondant
Distribution des résultats
% des personnes avec chaque résultat
Percentile par nombre de réponses
Votre historique - résultats
Vous n’avez pas pris ce quiz